Szczegóły MARC21

Tristan. Bd. 3, Kommentar, Nachwort und Register /

003 -Nazwa inst., której nr kontr. jest w polu 001 [,]
    • @
    • Nazwa instytucji, której n kontrolny jest w polu 001
    • NUKAT
005 -DATA I CZAS OSTATNIEJ MODYFIKACJI [,]
    • @
    • pole kontrolne
    • 20250710205924.0
020 -Międzynarod. znormalizowany nr książki - ISBN [ , ]
    • a
    • Numer ISBN
    • 3150044731 Find
040 -Instytucja sporządzająca opis [ , ]
    • a
    • Instytucja, która sporządziła opis (NP)
    • GD U/AJ
    • c
    • Instytucja, która sporządziła rekord (NP)
    • GD U/AJ
942 -Rodzaj dokumentu [ , ]
    • c
    • Rodzaj dokumentu
    • Książka
100 -Hasło główne - nazwa osobowa [0, ]
    • a
    • Nazwa osobowa (NP)
    • Gottfried von Strassburg
    • d
    • Daty biograficzne (NP)
    • ( -1210?).
    • 9
    • KHW
    • 57366
245 -Strefa tytułu i oznaczenia odpowiedzialności [1,0]
    • a
    • Tytuł
    • Tristan. Find
    • n
    • Oznaczenie części (P)
    • Bd. 3,
    • p
    • Nazwa części (P)
    • Kommentar, Nachwort und Register /
    • c
    • Pozostałe elementy strefy tytułu i oznaczenia odpowiedzialności (NP)
    • Gottfried von Strassburg ; [nach dem Text von Friedrich Ranke neu hrsg., ins Neuhochdutsche übersetzt, mit einem Stellenkomment. und einem Nachw. von Rüdiger Krohn].
250 -Strefa wydania [ , ]
    • a
    • Oznaczenie wydania (NP)
    • 3., neu bearb. Aufl.
260 -Strefa adresu wydawniczego [ , ]
    • a
    • Miejsce wydania (P)
    • Stuttgart :
    • b
    • Nazwa wydawcy (P)
    • Philipp Reclam jun.,
    • c
    • Data wydania (P)
    • 1991.
300 -Strefa opisu fizycznego [ , ]
    • a
    • Określenie formy książki i/lub objętość (NP)
    • 390 s. :
    • b
    • Oznaczenie ilustracji (NP)
    • il. ;
    • c
    • Format (NP)
    • 15 cm.
336 -Typ zawartości [ , ]
    • a
    • Termin opisujący typ zawartości
    • Tekst
    • b
    • Kod określający zawartość
    • txt
    • 2
    • Źródło (terminu i kodu)
    • rdacontent
337 -Typ mediów [ , ]
    • a
    • Tryb odtwarzania
    • Bez urządzenia pośredniczącego
    • b
    • Kod typu mediów
    • n
    • 2
    • Źródło (terminu i kodu)
    • rdamedia
338 -Typ/rodzaj nośnika [ , ]
    • a
    • Hasło opisujące typ nośnika
    • Wolumin
    • b
    • Kod typu nośnika
    • nc
    • 2
    • Źródło (terminu i kodu)
    • rdacarrier
490 -Strefa serii i książki wielotomowej - forma nie do wyszukiwania [1, ]
    • a
    • Tytuł (P)
    • Universal-Bibliothek ; Find
    • v
    • Numeracja (P)
    • Nr. 4473 [5]
830 -Hasło dodatkowe serii i opisu książki wielotomowej - tytuł ujednolicony/tytuł [ ,0]
    • a
    • Tytuł ujednolicony/tytuł (NP)
    • Reclams Universal-Bibliothek
    • x
    • ISSN
    • 0722-8511
    • v
    • Oznaczenie tomu (NP)
    • Bd. 4473 [5]
    • 9
    • KHW
    • 12680
504 -Uwaga dot. bibliogr. załącznikowej [ , ]
    • a
    • Uwaga dot. bibliografii załącznikowej
    • Indeksy.
080 -Uniwersalna Klasyfikacja Dziesiętna [ , ]
    • 2
    • Identyfikator wydania tablic
    • UDC-P058
    • 9
    • UKD
    • 8568
    • a
    • Symbol klasyfikacji
    • 821.112.2(091)
    • b
    • Dopowiedzenie
    • Literatura niemiecka (historia).
    • 4
    • UKD2
    • 7631
    • x
    • Poddział wspólny
    • =112.2
    • c
    • Dopowiedzenie poddz. wspólnego
    • =Język niemiecki (wysokoniemiecki, standardowy niemiecki).
    • 4
    • UKD2
    • 8373
    • x
    • Poddział wspólny
    • (083.8)
    • c
    • Dopowiedzenie poddz. wspólnego
    • (Spisy. Wykazy. Indeksy).
980 -Symbol UKD [ , ]
    • a
    • UKD
    • 821.112.2(091)(083.8)=112.2
700 -Hasło dodatkowe - nazwa osobowa [1, ]
    • a
    • Nazwa osobowa (NP)
    • Ranke, Friedrich Find
    • d
    • Daty biograficzne (NP)
    • (1882-1950).
    • e
    • Określenie rodzaju współpracy
    • Oprac.
    • 9
    • KHW
    • 57369
700 -Hasło dodatkowe - nazwa osobowa [1, ]
    • a
    • Nazwa osobowa (NP)
    • Krohn, Rüdiger. Find
    • e
    • Określenie rodzaju współpracy
    • Oprac.
    • 9
    • KHW
    • 57367
700 -Hasło dodatkowe - nazwa osobowa [0,2]
    • a
    • Nazwa osobowa (NP)
    • Gottfried von Strassburg Find
    • d
    • Daty biograficzne (NP)
    • ( -1210?).
    • t
    • Tytuł ujednolicony/tytuł (NP)
    • Tristan Find
    • l
    • Język tekstu (NP)
    • (niem.)
    • 9
    • KHW
    • 57371
920 -ISBN [ , ]
    • a
    • ISBN
    • 3-15-004473-1 Find
Data inwentaryzacji Sygnatura Lokalizacja Status udost. Numer inwentarzowy
1995-11-18Germ. Literatura niemieckaBM-3G.10648
1995-11-18 BM1G.10645